=LDR 00000nam 2200000 4500 =001 000841 =005 20250712124931 =035 ##$$a 0010-0725000715 =007 ta =008 250712################a##########0#ind## =020 ##$$a 978-623-472-302-1 =082 ##$$a 398.209 598 =084 ##$$a 398.209 598 CH g =100 #$$a chaturvedi pankaj =245 1#$$a gembira /$c pankaj chaturvedi =250 ##$$a pertama =260 ##$$a jakarta :$b pusat pengembangan dan pembinaan bahasa,$c 2022 =300 ##$$a 20hlm. : $b ilus. ; $c 22,9cm =650 #4$$a cerita anak indonesia terjemahan =650 #4$$a literasi bahan bacaan =990 ##$$a TBM202400796